The Mother of the Nicaraguans: Doña Violeta and the UNO's gender agenda /

Uloženo v:
Podrobná bibliografie
Hlavní autor: Kampwirth, Karen
Médium: Text
Témata:
Tagy: Přidat tag
Žádné tagy, Buďte první, kdo vytvoří štítek k tomuto záznamu!

MARC

LEADER 00000 a a2200000 04500
001 9164
003
040
100 |a Kampwirth, Karen  
245 |a The Mother of the Nicaraguans:   |b Doña Violeta and the UNO's gender agenda /  |c Karen Kampwirth 
650 |a POLITICA  
650 |a MUJERES  
650 |a FAMILIA  
650 |a ELECCIONES  
650 |a GOBIERNO  
650 |a PARTIDOS POLITICOS  
650 |a PARTICIPACION POLITICA  
773 |g volumen 23, número 1 (88); páginas 67-86  
999 |c 34753  |d 34753